LEADER 03078nam 2200709 450 001 9910789740603321 005 20230807204119.0 010 $a965-524-078-9 035 $a(CKB)2670000000129639 035 $a(EBL)1918612 035 $a(SSID)ssj0000690641 035 $a(PQKBManifestationID)12331092 035 $a(PQKBTitleCode)TC0000690641 035 $a(PQKBWorkID)10628459 035 $a(PQKB)10243325 035 $a(MiAaPQ)EBC1918612 035 $a(Au-PeEL)EBL1918612 035 $a(CaPaEBR)ebr11005154 035 $a(CaONFJC)MIL691782 035 $a(OCoLC)900345751 035 $a(EXLCZ)992670000000129639 100 $a20120306h20152015 uy| 0 101 0 $aeng 135 $aur|n|---||||| 181 $ctxt 182 $cc 183 $acr 200 10$aJourney to heaven $eexploring Jewish views of the afterlife /$fby Leila Leah Bronner 210 1$aJerusalem ;$aNew York :$cUrim Publications,$d[2015] 210 4$dİ2015 215 $a1 online resource (209 p.) 300 $aDescription based upon print version of record. 311 $a965-524-100-9 311 $a1-322-60500-9 311 $a965-524-047-9 320 $aIncludes bibliographical references (pages [185]-200) and index. 327 $aThe Hebrew Bible: glimpses of immortality -- Early post-biblical literature: gateways to heaven and hell -- The mishnah: who will merit the world to come? -- The Talmud: what happens in the next world? -- Medieval Jewish philosophy: faith and reason -- Mysticism: reincarnation in Kabbalah -- Modernity: what do we believe? -- The Messiah: the eternal thread of hope. 330 $aA number of the basic tenets of Jewish belief regarding the afterlife, resurrection, immortality, judgment, messianism, and the world to come are laid out in this fascinating and accessible volume. Beginning with the Bible's references to Sheol and its allusions to resurrection, this survey explores immortality and bodily resurrection in Second Temple literature; the Mishnah's discussions of olam ha-ba, or the world to come, and how to merit entry into it; and the Talmud's depictions of paradise and hell, and the soul's journey through these metaphysical landscapes. The book also explores the 606 $aFuture life$xJudaism 606 $aEschatology, Jewish 606 $aImmortality$xJudaism 606 $aReincarnation$xJudaism 606 $aRabbinical literature$xHistory and criticism 606 $aJewish philosophy 606 $aPhilosophy, Medieval 615 0$aFuture life$xJudaism. 615 0$aEschatology, Jewish. 615 0$aImmortality$xJudaism. 615 0$aReincarnation$xJudaism. 615 0$aRabbinical literature$xHistory and criticism. 615 0$aJewish philosophy. 615 0$aPhilosophy, Medieval. 676 $a296.09 676 $a296.09014 700 $aBronner$b Leila Leah$01497678 801 0$bMiAaPQ 801 1$bMiAaPQ 801 2$bMiAaPQ 906 $aBOOK 912 $a9910789740603321 996 $aJourney to heaven$93722913 997 $aUNINA LEADER 05181nam 2200589Ia 450 001 9910777459703321 005 20230719201718.0 010 $a0-674-02853-8 024 7 $a10.4159/9780674028531 035 $a(CKB)1000000000423475 035 $a(SSID)ssj0000276538 035 $a(PQKBManifestationID)11241134 035 $a(PQKBTitleCode)TC0000276538 035 $a(PQKBWorkID)10226129 035 $a(PQKB)11323926 035 $a(Au-PeEL)EBL3300141 035 $a(CaPaEBR)ebr10313858 035 $a(OCoLC)746951081 035 $a(DE-B1597)571769 035 $a(DE-B1597)9780674028531 035 $a(MiAaPQ)EBC3300141 035 $a(EXLCZ)991000000000423475 100 $a19890117d1989 uy 0 101 0 $aeng 135 $aurcn||||||||| 181 $ctxt$2rdacontent 182 $cc$2rdamedia 183 $acr$2rdacarrier 200 10$aMaking meaning $einference and rhetoric in the interpretation of cinema /$fDavid Bordwell 210 1$aCambridge, Mass. :$cHarvard University Press,$d1989. 215 $a1 online resource (xvi, 334 pages) $cill 225 1 $aHarvard film studies 300 $aBibliographic Level Mode of Issuance: Monograph 311 0 $a0-674-54335-1 311 0 $a0-674-54336-X 320 $aIncludes bibliographical references (p. [277]-328) and index. 327 $tFront matter --$tContents --$tPreface --$t1. Making Films Mean --$tInterpretation as Construction --$tMeaning Made --$tInterpretive Doctrines --$t2. Routines and Practices --$tIntroduction --$tInterpretation Inc. --$tThe Logic of Discovery or Problem-Solving --$tThe Logic of Justification or Rhetoric --$tAn Anatomy of Interpretation --$t3. Interpretation as Explication --$tThe French Connection --$tExplication Academicized --$tPicture Planes --$tMeaning and Unity --$t4. Symptomatic Interpretation --$tIntroduction --$tCulture Dream and Lauren Bacall --$tMyth as Antinomy --$tSysteme a la Mode --$tThe Contradictory Text --$tSymptoms and Explications --$t5. Semantic Fields --$tIntroduction --$tMeanings in Structures --$tStructures of Meaning --$tThe Role of Semantic Fields --$t6. Schemata and Heuristics --$tMapping as Making --$tKnowledge Structures and Routines --$tMapping as Modeling --$t7. Two Basic Schemata --$tIs There a Class for This Text? --$tMaking Films Personal --$t8. Text Schemata --$tIntroduction --$tA Bull's-Eye Schema --$tMeaning Inside Out and Outside In --$tTextual Trajectories --$tDoctrines into Diachronies --$t9. Interpretation as Rhetoric --$tIntroduction --$tSample Strategies --$tTheory Talk --$t10. Rhetoric in Action: Seven Models of Psycho --$tJean Douchet, "Hitch and His Public" (1960) --$tRobin Wood, "Psycho," Hitchcock's Films (1965) --$tRaymond Durgnat, "Inside Norman Bates," Films and Feelings (1967) --$tV. F. Perkins, "The World and Its Image," Film as Film (1972) --$tRaymond Bellour, "Psychosis, Neurosis, Perversion" (1979) --$tBarbara Klinger, "Psycho: The Institutionalization of Female Sexuality" (1982) --$tLeland Poague, "Links in a Chain: Psycho and Film Classicism" (1986) --$t11. Why Not to Read a Film --$tThe Ends of Interpretation --$tThe End of Interpretation? --$tProspects for a Poetics --$tNotes --$tIndex 330 $aDavid Bordwell?s new book is at once a history of film criticism, an analysis of how critics interpret film, and a proposal for an alternative program for film studies. It is an anatomy of film criticism meant to reset the agenda for film scholarship. As such Making Meaning should be a landmark book, a focus for debate from which future film study will evolve. Bordwell systematically maps different strategies for interpreting films and making meaning, illustrating his points with a vast array of examples from Western film criticism. Following an introductory chapter that sets out the terms and scope of the argument, Bordwell goes on to show how critical institutions constrain and contain the very practices they promote, and how the interpretation of texts has become a central preoccupation of the humanities. He gives lucid accounts of the development of film criticism in France, Britain, and the United States since World War II; analyzes this development through two important types of criticism, thematic-explicatory and symptomatic; and shows that both types, usually seen as antithetical, in fact have much in common. These diverse and even warring schools of criticism share conventional, rhetorical, and problem-solving techniques?a point that has broad-ranging implications for the way critics practice their art. The book concludes with a survey of the alternatives to criticism based on interpretation and, finally, with the proposal that a historical poetics of cinema offers the most fruitful framework for film analysis. 410 0$aHarvard film studies. 606 $aFilm criticism 606 $aMotion pictures 615 0$aFilm criticism. 615 0$aMotion pictures. 676 $a791.43/01/5 700 $aBordwell$b David$0144430 801 0$bMiAaPQ 801 1$bMiAaPQ 801 2$bMiAaPQ 906 $aBOOK 912 $a9910777459703321 996 $aMaking Meaning$91636107 997 $aUNINA LEADER 03304nam 2200589 450 001 9910812228603321 005 20191118111955.0 010 $a1-350-98847-2 010 $a1-83860-932-6 024 7 $a10.5040/9781350988477 035 $a(CKB)4100000008154683 035 $a(MiAaPQ)EBC5763551 035 $a(OCoLC)1128165651 035 $a(CaBNVSL)mat50988477 035 $a(CaBNVSL)9781350988477 035 $a(EXLCZ)994100000008154683 100 $a20191118d2019 uy 0 101 0 $aeng 135 $aurcnu|||||||| 181 $2rdacontent 182 $2rdamedia 183 $2rdacarrier 200 14$aThe basilicas of Ethiopia $ean architectural history /$fMario Di Salvo ; in collaboration with Carolyn Gossage ; with a foreword by Professor Michael Gervers 205 $aFirst edition. 210 1$aLondon, England :$cI.B. Tauris,$d2019. 210 2$a[London, England] :$cBloomsbury Publishing,$d2019. 215 $a1 online resource (162 pages) $cillustrations (some color), maps 311 $a1-78453-725-X 320 $aIncludes bibliographical references (pages 141-145). 327 $aPreface: The structural characteristics of Christian basilicas -- Part I. The ruins of the ancient Aksumite basilicas (fourth-seventh century) -- Part II. The architecture of the late-Aksumite and post-Aksumite basilicas of Tigray (eighth-twelfth century) -- The built basilicas -- The hypogeal basilicas -- The semi-monolithic basilicas -- Part III. The architecture of the medieval basilicas of Ethiopia (the twelfth-century Zagwe kingdom and the restoration of the Solomonic dynasty) -- Basilicas constructed in caves -- The monolithic and semi-monolithic basilicas in La?libala? -- The last Ethiopian basilicas. 330 8 $aThe basilica is symbolic of the history of Christianity in Ethiopia. 'Eza?na?, the first Christian king of the Aksumite empire was responsible for the creation of the large, five-aisled church of Ma?rya?m S?e?yon, sadly destroyed in 1535, and since then many hundreds of basilicas have been built in Ethiopia, many, including the UNESCO World Heritage site of Lalibela, literally 'hewn from the rock'. In this book, architectural historian and architect Mario di Salvo considers the unique architectural features of Ethiopia's basilicas and explains how they developed over time. Featuring almost 200 colour illustrations, this book is an attractive and comprehensive guide to some of Ethiopia's most inspiring religious buildings. --$cPublisher, inside front flap of dust jacket. 606 $aBasilicas$zEthiopia$xHistory$yTo 1500 606 $aChurch architecture$zEthiopia 606 $aArchitecture, Medieval$zEthiopia 606 $aArchitecture, Ancient$zEthiopia 606 $aReligious buildings$2bicssc 615 0$aBasilicas$xHistory 615 0$aChurch architecture 615 0$aArchitecture, Medieval 615 0$aArchitecture, Ancient 615 7$aReligious buildings 676 $a726.50963 700 $aDi Salvo$b Mario$0662638 702 $aGossage$b Carolyn$f1933- 702 $aGervers$b Michael$f1942- 801 0$bBTCTA 801 1$bCaBNVSL 801 2$bCaBNVSL 906 $aBOOK 912 $a9910812228603321 996 $aThe basilicas of Ethiopia$94050259 997 $aUNINA LEADER 05054nam 2200673Ia 450 001 9910967794703321 005 20200520144314.0 010 $a9786612916977 010 $a9780309177016 010 $a0309177014 010 $a9781282916975 010 $a1282916971 010 $a9780309141987 010 $a0309141982 035 $a(CKB)2560000000069609 035 $a(EBL)3564194 035 $a(SSID)ssj0000436186 035 $a(PQKBManifestationID)11284564 035 $a(PQKBTitleCode)TC0000436186 035 $a(PQKBWorkID)10426197 035 $a(PQKB)11626532 035 $a(Au-PeEL)EBL3564194 035 $a(CaPaEBR)ebr10433660 035 $a(CaONFJC)MIL291697 035 $a(OCoLC)932320518 035 $a(MiAaPQ)EBC3564194 035 $a(Perlego)4734895 035 $a(EXLCZ)992560000000069609 100 $a20101124d2010 uy 0 101 0 $aeng 135 $aurcn||||||||| 181 $ctxt 182 $cc 183 $acr 200 10$aExamination of the U.S. Air Force's science, technology, engineering, and mathematics (STEM) workforce needs in the future and its strategy to meet those needs /$fCommittee on Examination of the U.S. Air Force's Science, Technology ; Engineering and Mathematics (STEM) Workforce Needs in the Future and Its Strategy to Meet Those Needs, Air Force Studies Board ; Division on Engineering and Physical Sciences ; National Research Council of the National Academies 210 $aWashington $cNational Academies Press$d2010 215 $a1 online resource (176 p.) 300 $aDescription based upon print version of record. 311 08$a9780309141970 311 08$a0309141974 320 $aIncludes bibliographical references. 327 $a""Front Matter""; ""Preface""; ""Acknowledgment of Reviewers""; ""Contents""; ""Acronyms""; ""Summary""; ""1 Introduction""; ""2 Role of STEM Capabilities in Achieving the Air Force Vision and Strategy""; ""3 Air Force Career Fields and Occupations That Currently Require a STEM Degree""; ""4 STEM Personnel in the Acquisition Workforce""; ""5 The Current and Future U.S. STEM-Degreed Workforce""; ""6 Managing STEM Personnel to Meet Future STEM Needs Across the Air Force""; ""7 The Need for Action""; ""Appendixes""; ""Appendix A: Biographical Sketches of Committee Members"" 327 $a""Appendix B: Meetings and Speakers""""Appendix C: Supporting Demographic Data""; ""Appendix D: Air Force STEM Workforce""; ""Appendix E: Length of Time to Fill Civilian Positions""; ""Appendix F: Applying Basic Rated Management Process and Model to STEM""; ""Appendix G: Scientists, Engineers, and the Air Force: An Uncertain Legacy"" 330 $a"The Air Force requires technical skills and expertise across the entire range of activities and processes associated with the development, fielding, and employment of air, space, and cyber operational capabilities. The growing complexity of both traditional and emerging missions is placing new demands on education, training, career development, system acquisition, platform sustainment, and development of operational systems. While in the past the Air Force's technologically intensive mission has been highly attractive to individuals educated in science, technology, engineering, and mathematics (STEM) disciplines, force reductions, ongoing military operations, and budget pressures are creating new challenges for attracting and managing personnel with the needed technical skills. Assessments of recent development and acquisition process failures have identified a loss of technical competence within the Air Force (that is, in house or organic competence, as opposed to contractor support) as an underlying problem. These challenges come at a time of increased competition for technical graduates who are U.S. citizens, an aging industry and government workforce, and consolidations of the industrial base that supports military systems. In response to a request from the Deputy Assistant Secretary of the Air Force for Science, Technology, and Engineering, the National Research Council conducted five fact-finding meetings at which senior Air Force commanders in the science and engineering, acquisition, test, operations, and logistics domains provided assessments of the adequacy of the current workforce in terms of quality and quantity"--Publisher's description. 606 $aMilitary engineering 606 $aMilitary education$zUnited States 606 $aArmed Forces$xVocational guidance 615 0$aMilitary engineering. 615 0$aMilitary education 615 0$aArmed Forces$xVocational guidance. 676 $a355.50973 712 02$aScience, Technology, Engineering, and Mathematics Education Society. 801 0$bMiAaPQ 801 1$bMiAaPQ 801 2$bMiAaPQ 906 $aBOOK 912 $a9910967794703321 996 $aExamination of the U.S. Air Force's science, technology, engineering, and mathematics (STEM) workforce needs in the future and its strategy to meet those needs$94363070 997 $aUNINA LEADER 03897nam 22006975 450 001 9910254112603321 005 20251113205522.0 010 $a981-10-0033-6 024 7 $a10.1007/978-981-10-0033-1 035 $a(CKB)3710000000580324 035 $a(EBL)4333616 035 $a(SSID)ssj0001606921 035 $a(PQKBManifestationID)16316019 035 $a(PQKBTitleCode)TC0001606921 035 $a(PQKBWorkID)14896614 035 $a(PQKB)11697842 035 $a(DE-He213)978-981-10-0033-1 035 $a(MiAaPQ)EBC4333616 035 $a(PPN)191700487 035 $a(EXLCZ)993710000000580324 100 $a20160111d2016 u| 0 101 0 $aeng 135 $aur|n|---||||| 181 $ctxt 182 $cc 183 $acr 200 10$aDevelopment and Evaluation of High Resolution Climate System Models /$fby Rucong Yu, Tianjun Zhou, Tongwen Wu, Wei Xue, Guangqing Zhou 205 $a1st ed. 2016. 210 1$aSingapore :$cSpringer Nature Singapore :$cImprint: Springer,$d2016. 215 $a1 online resource (265 p.) 300 $aDescription based upon print version of record. 311 08$a981-10-0031-X 320 $aIncludes bibliographical references at the end of each chapters and index. 327 $aDevelopment and Evaluation of High Resolution Climate System Models: A Chinese National Key Basic Research Project (2010-2014) -- High Resolution AGCM and OGCM developed in IAP -- Improvements of resolution and physics in both coupled and uncoupled models of BCC -- Multi-models ensemble coupling framework and experiments -- Metrics for gauging model performance over East Asian-western Pacific. 330 $aThis book is based on the project ?Development and Validation of High Resolution Climate System Models? with the support of the National Key Basic Research Project under grant No. 2010CB951900. It demonstrates the major advances in the development of new, dynamical Atmospheric General Circulation Model (AGCM) and Ocean General Circulation Model (OGCM) cores that are suitable for high resolution modeling, the improvement of model physics, and the design of a flexible, multi-model ensemble coupling framework. It is a useful reference for graduate students, researchers and professionals working in the related areas of climate modeling and climate change. Prof. Rucong Yu works at the China Meteorological Administration; Prof. Tianjun Zhou works at LASG, the Institute of Atmospheric Physics, Chinese Academy of Sciences; Tongwen Wu works at Beijing Climate Center, China Meteorological Administration; Associate Prof. Wei Xue works at the Department of Computer Science and Technology, Tsinghua University; Prof. Guangqing Zhou works at the Institute of Atmospheric Physics (IAP), Chinese Academy of Sciences. 606 $aPhysical geography 606 $aClimatology 606 $aAtmospheric science 606 $aOceanography 606 $aEarth System Sciences 606 $aClimate Sciences 606 $aAtmospheric Science 606 $aOcean Sciences 615 0$aPhysical geography. 615 0$aClimatology. 615 0$aAtmospheric science. 615 0$aOceanography. 615 14$aEarth System Sciences. 615 24$aClimate Sciences. 615 24$aAtmospheric Science. 615 24$aOcean Sciences. 676 $a551.6011 700 $aYu$b Rucong$4aut$4http://id.loc.gov/vocabulary/relators/aut$01062785 702 $aZhou$b Tianjun$4aut$4http://id.loc.gov/vocabulary/relators/aut 702 $aWu$b Tongwen$4aut$4http://id.loc.gov/vocabulary/relators/aut 702 $aXue$b Wei$4aut$4http://id.loc.gov/vocabulary/relators/aut 702 $aZhou$b Guangqing$4aut$4http://id.loc.gov/vocabulary/relators/aut 906 $aBOOK 912 $a9910254112603321 996 $aDevelopment and Evaluation of High Resolution Climate System Models$92528559 997 $aUNINA